RICS global real estate weekly (Record no. 111794)
[ view plain ]
| 000 -LEADER | |
|---|---|
| fixed length control field | 01189cad a22002415a 4500 |
| 001 - CONTROL NUMBER | |
| control field | L152010 |
| 008 - FIXED-LENGTH DATA ELEMENTS--GENERAL INFORMATION | |
| fixed length control field | 110121e20110121xxkd f s 000 0 eng d |
| 035 ## - SYSTEM CONTROL NUMBER | |
| System control number | (Sirsi) u152010 |
| 041 0# - LANGUAGE CODE | |
| Language code of text/sound track or separate title | eng |
| 050 04 - LIBRARY OF CONGRESS CALL NUMBER | |
| Classification number | 333.33 $2 18 |
| 110 2# - MAIN ENTRY--CORPORATE NAME | |
| Corporate name or jurisdiction name as entry element | Royal Institution of Chartered Surveyors |
| Subordinate unit | Economics |
| 9 (RLIN) | 5033 |
| 245 00 - TITLE STATEMENT | |
| Title | RICS global real estate weekly |
| Remainder of title | 21 January 2011 |
| Medium | [electronic resource] |
| 260 ## - PUBLICATION, DISTRIBUTION, ETC. | |
| Place of publication, distribution, etc. | London |
| Name of publisher, distributor, etc. | RICS |
| Date of publication, distribution, etc. | 2011 |
| 490 #0 - SERIES STATEMENT | |
| Series statement | RICS Global Real Estate Weekly |
| Volume/sequential designation | 21 January 2011 |
| 520 ## - SUMMARY, ETC. | |
| Summary, etc. | 2011 likely to be a year of two halves for Cypriot property market. US house prices likely to decline by 5% in 2011. Hong Kong Monetary Authority waiting for evidence of slowing market in December mortgage approvals. Indian property market to feel further effects from interest rate hikes in 2011. |
| 590 ## - LOCAL NOTE (RLIN) | |
| Local note | KA |
| 650 24 - SUBJECT ADDED ENTRY--TOPICAL TERM | |
| Topical term or geographic name entry element | RICS GLOBAL REAL ESTATE WEEKLY |
| 651 #4 - SUBJECT ADDED ENTRY--GEOGRAPHIC NAME | |
| Geographic name | International |
| 690 ## - LOCAL SUBJECT ADDED ENTRY--TOPICAL TERM (OCLC, RLIN) | |
| Topical term or geographic name as entry element | PROPERTY-RESIDENTIAL PROPERTY-RESIDENTIAL PROPERTY MARKET |
| 690 ## - LOCAL SUBJECT ADDED ENTRY--TOPICAL TERM (OCLC, RLIN) | |
| Topical term or geographic name as entry element | PROPERTY-COMMERCIAL PROPERTY-COMMERCIAL PROPERTY MARKET |
| 856 40 - ELECTRONIC LOCATION AND ACCESS | |
| Uniform Resource Identifier | <a href="https://www.rics.org/site/scripts/download_info.aspx?fileID=8627&categoryID=419">https://www.rics.org/site/scripts/download_info.aspx?fileID=8627&categoryID=419</a> |
| Public note | View the report free of charge at www.rics.org |
| 942 ## - ADDED ENTRY ELEMENTS (KOHA) | |
| Suppress in OPAC | 0 |
| Withdrawn status | Lost status | Source of classification or shelving scheme | Damaged status | Not for loan | Home library | Current library | Shelving location | Date acquired | Total Checkouts | Full call number | Barcode | Date last seen | Copy number | Price effective from | Koha item type |
|---|---|---|---|---|---|---|---|---|---|---|---|---|---|---|---|
| Dewey Decimal Classification | Virtual | Virtual | Online | 21/01/2011 | ONLINE PUBLICATION | 152010-2001 | 06/08/2019 | 1 | 06/08/2019 | Book |